THE BHAGVAT GEETA (Record no. 63076)

MARC details
000 -LEADER
fixed length control field 00376nam a2200157Ia 4500
008 - FIXED-LENGTH DATA ELEMENTS--GENERAL INFORMATION
fixed length control field 090123s9999 xx 000 0 und d
082 ## - DEWEY DECIMAL CLASSIFICATION NUMBER
Item number 25005
100 ## - MAIN ENTRY--PERSONAL NAME
Personal name SWAMI CHINMAYANAND
245 ## - TITLE STATEMENT
Title THE BHAGVAT GEETA
250 ## - EDITION STATEMENT
Edition statement 0
600 ## - SUBJECT ADDED ENTRY--PERSONAL NAME
Personal name SWAMI CHINMAYANAND
630 ## - SUBJECT ADDED ENTRY--UNIFORM TITLE
Uniform title THE BHAGVAT GEETA
700 ## - ADDED ENTRY--PERSONAL NAME
Personal name SWAMI CHINMAYANAND
730 ## - ADDED ENTRY--UNIFORM TITLE
Uniform title THE BHAGVAT GEETA
942 ## - ADDED ENTRY ELEMENTS (KOHA)
Koha item type Book
Holdings
Withdrawn status Lost status Damaged status Not for loan Home library Current library Date acquired Cost, normal purchase price Total Checkouts Full call number Barcode Date last seen Cost, replacement price Price effective from Koha item type
        Jawahar Wachalanalaya, Kalwa Jawahar Wachalanalaya, Kalwa 03/31/2002 0.00   25005 KLW-25005 01/23/2009 0.00 01/23/2009 Book